Дело высочайше учрежденной Комиссии по устройству архивов и хранения в них документов

Доступно только в Электронных читальных залах Найти на картеНа карте
RUSMARC
00003502nmc2a2200000 x 450
0014e7030b8-ca47-4094-95aa-6432c5fb8585
00520160815133253.0
100##$a20140307l18731879k l0rusy0189 ca
1010#$arus
102##$aRU
2001#$aДело высочайше учрежденной Комиссии по устройству архивов и хранения в них документов
$j1873-1879 гг.
$hЧасть 4
251##$cДело
300##$aДело
801#0$aRU
$bРГИА
$c20140307
$gRCR
801#1$aRU
$bГлавНИВЦ
$c20140307
$2rusmarc
801#2$aRU
$bПБ им. Б.Н. Ельцина
$c20160815
$gRCR
$2rusmarc
850##$aРГИА
852##$aРГИА
$eФедеральное казенное учреждение "Российский государственный исторический архив" (РГИА)
$j268
937##$hРГИА
$d11285618
$aASBIBLIO_SCAN
462#0$10018486741b-8440-4b3b-a313-5477d72383d9
$12001
$aОпись архива Николая Васильевича Калачева
$1251
$cОпись
$1852
$j1
461#0$1001ae38533c-3d7f-4d0a-b2fa-f13c6b931ebf
$12001
$aКалачев Николай Васильевич (1819-1885)
$1251
$cФонд
$1852
$j950
215##$a284 л.
$d36,5х26 см
371##$aДокумент не является опубликованным и широко распространяемым
105##$ay###
1222#$ad
035##$a4e7030b8-ca47-4094-95aa-6432c5fb8585
Формат отображения